000 00869nam a2200229Ia 4500
001 2468
003 GE_BSU
008 181216s||||||||xx |||||||||||||| ||und||
020 _a9789941007453
040 _cGE_BSU
080 _a65.22(075.8)
100 _aჭილაძე იზოლდა.
245 _aმმართველობითი აღრიცხვა. თეორია და პრაქტიკა.
245 _c[რედ. ნანა სრესელი, ზეინაბ გორგიჭიანი].
260 _aთბილისი
260 _bეროვნული მწერლობა
260 _c2008
300 _a255 გვ.
541 _h15 ლ.
653 _aმმართველობითი აღრიცხვა. თეორია და პრაქტიკა.
942 _cBK
999 _c36549
_d36549